WW1 Dates - Statistics

General Stats
  • This quiz has been taken 15 times
  • The average score is 3 of 23
Answer Stats
Hint Answer % Correct
Versailles Treaty (Germany held responsible for war) 28.06.1919
36%
UK declares war on Germany
4.08.1914
36%
Traité Saint Germain en Laye (démantèlement de l'empire Autrichien) 10.09.1919
21%
Germany declares war on Russia 1.08.1914
21%
Signature de l'Armistice 11.11.1918
21%
USA declares war on Germany 2.04.1917
21%
Ferdinand Assassination in Sarajevo 28.06.1914
21%
Austria declares war on Serbia 28.07.1914
21%
Bataille de Verdun fev-dec 1916
21%
Traité de Sèvres (démantèlement de l'Empire Ottoman) 10.08.1920
14%
21 demandes à la Chine 25.05.1915
14%
Accord Sykes-Picot (secret treaty UK and France) 16.05.1916
7%
Congrès de Vienne 1815
7%
Panama, Cuba, Costa Rica, Nicaragua, Honduras, Brasil declare war on Germany 1917
7%
Traité de Neuilly (Bulgarie cède des territoires et paye des réparations) 27.11.1919
7%
Germany declares war on France and Italy 3.08.1914
7%
Traité de Trianon (Hongrie cède des territoires et paye des réparations) 4.06.1920
7%
Germany begins submarine war jan 1917
7%
Première apparition des tanks sept 1916
7%
Austria declares war on Russia 6.08.1914
0%
Torpillage du Lusitania, UK ship sunk by Germany 7.05.1915
0%
Conférence de la paix à Paris jan-jun 1919
0%
Declaration Balfour (foyer juif en Palestine, UK) nov 1917
0%
No matching quizzes found
Score Distribution
Percent of People with Each Score
Percentile by Number Answered
Your Score History
You have not taken this quiz